| 000 | 01584cam a22003251i 4500 | ||
|---|---|---|---|
| 003 | SA-RiAUC | ||
| 005 | 20250217085126.0 | ||
| 008 | 250215s1986 le g 000 0bara c | ||
| 040 |
_aSA-RiKSU _bara _cSA-RiAUC _erda |
||
| 050 | 4 | _bI25. 1986 | |
| 082 | 0 | 4 |
_a922.583 _qSA-RiAUC |
| 090 |
_a922.583 _b ا ب ن ح |
||
| 100 | 1 |
_aابن حجر العسقلاني، أحمد بن علي بن محمد، _d773-852 هجري _eمؤلف. |
|
| 245 | 1 | 0 |
_aتوالي التأسيس في مناقب الإمام الشافعي / _cالحافظ بن حجر العسقلاني ؛ حققه أبو الفداء عبد الله القاضي. |
| 246 | 3 | 0 | _aمناقب الإمام الشافعي |
| 250 | _aالطبعة الأولى. | ||
| 264 | 1 |
_aبيروت : _bدار الكتب العلمية، _c1986 |
|
| 300 |
_a272 صفحة ؛ _c23 سم |
||
| 336 |
_aنص _btxt _2rdacontent _3كتاب |
||
| 337 |
_aبدون وسيط _bn _2rdamedia |
||
| 338 |
_aمجلد _bnc _2rdacarrier |
||
| 600 | 1 | 7 |
_aالإمام الشافعي، محمد بن إدريس بن العباس، _d150-204 هجري _2aucnm |
| 650 | 7 |
_aالفقهاء الشافعية _vتراجم _2aucsh |
|
| 650 | 7 |
_aالحديث _xجمع وتدوين _2aucsh |
|
| 650 | 7 |
_aالفقه الشافعي _2aucsh |
|
| 700 | 1 | 2 |
_iتحقيق لـ : _aابن حجر العسقلاني، أحمد بن علي بن محمد، _d773-852 هجري. _tتوالي التأسيس بمعالي ابن إدريس |
| 700 | 1 |
_aالقاضي، عبد الله _eمحقق. |
|
| 942 |
_2ddc _cBOOK _n0 |
||
| 949 |
_aSA-JeALM _d250215 _umohamedma123 _n1 |
||
| 999 |
_c6043 _d6043 |
||